000 00688nam a22002175a 4500
001 80487
003 OSt
005 20230620120214.0
008 950321s1993 gw 000 0 eng
010 _a 95129427
020 _a3860772120
040 _aDLC
_cDLC
082 _a320.46
_bVOG
100 1 _aAdam, Erfried,
_d1945-
245 1 0 _aDemocracy in Africa, a new beginning? :
_bInternational Conference, Bonn, 1.-3. June 1992 : selected papers and discusssions /
_c[Ed. by, Erfried Adam].
260 _aBonn :
_bFriedrich-Ebert-Stiftung,
_c1993.
300 _a117 p.
906 _a0
_bibc
_corignew
_d3
_encip
_f19
_gy-gencatlg
942 _2ddc
_cBK
999 _c1685
_d1685